000 00373 a2200133 4500
001 92327
082 _aPR 2389
090 _c44283
_d44284
100 _aAli Imran; Prof Iftikhar Ali (Advisor)
245 _aTo Design a Digaital HF Frequency Hopping Communication System
_n60 'B' EC
260 _aIslamabad
_bNUST
_c2005
300 _av,68p.
500 _aBE Project Report
942 _aCAE NUST
_kPR 2389
999 _c327400
_d327400